000 00483nam a2200181Ia 4500
001 2697
003 GE_BSU
008 181216s||||||||xx |||||||||||||| ||und||
040 _cGE_BSU
080 _a634ю9(479ю289)
245 _aРеликтовые леса Аджарии и их народно-хозяственное значение
260 _aТбилиси
260 _bМецниереба
260 _c1972
300 _a262 с.
541 _h7 л.
942 _cBK
999 _c36758
_d36758